V kolíske slovenských lesníkov

Bibliographic Details
Main Author: Valovič, Rudolf (Author)
Format: Article
Language:Slovak
ISSN:0231-8768
Subjects:

MARC

LEADER 00000nab a2200000 a 4500
001 vtls000773191
003 SK-MaSNL
005 20260304105415.0
008 250429c2001 xo 0 slo
015 |a SNBRB2001/11-31433 
035 |a CLN000124978 
035 |a urn:nbn:sk:snk-aber2a 
035 |a (urnnbn)urn:nbn:sk:snk:ar-006z0f 
035 |a (uuid)9d442b10-1dab-4f96-b453-11a03eff5aaf 
040 |a SNKBUCL  |b slo  |c SNKBUCL  |e AACR2 
041 0 |a slo 
044 |a xo  |c SK 
080 |a 373.6:630(437.6)  |2 1997 
100 1 |a Valovič, Rudolf  |4 aut  |9 662872 
245 1 0 |a V kolíske slovenských lesníkov  |c Rudolf Valovič 
610 7 |a Stredná lesnícka škola (Banská Štiavnica, Slovensko)  |2 snkbucl  |9 454041 
651 7 |a Banská Štiavnica (Slovensko)  |2 snkbucl  |9 16373 
655 7 |a články z novín a časopisov  |2 snkbucl  |9 267496 
773 0 |t Poľovníctvo a rybárstvo  |g Roč. 53, č. 7 (2001), s. 16  |x 0231-8768 
850 |a Slovenská národná knižnica 
852 |a Slovenská národná knižnica 
958 |a article27 
958 |a OND 
958 |a SK 
992 |a RBX 
999 |c 2855521  |d 2857451